Pro-poor and inclusive development in Zimbabwe (Record no. 130517)
[ view plain ]
| 000 -LEADER | |
|---|---|
| fixed length control field | 00541nam a22001697a 4500 |
| 008 - FIXED-LENGTH DATA ELEMENTS--GENERAL INFORMATION | |
| fixed length control field | 201020b ||||| |||| 00| 0 eng d |
| 050 ## - LIBRARY OF CONGRESS CALL NUMBER | |
| Classification number | HN802.Z9 P962 |
| 245 ## - TITLE STATEMENT | |
| Title | Pro-poor and inclusive development in Zimbabwe |
| Remainder of title | beyond the enclave |
| Statement of responsibility, etc | ANSA, LEDRIZ and ZCTU |
| 260 ## - PUBLICATION, DISTRIBUTION, ETC. (IMPRINT) | |
| Place of publication, distribution, etc | Harare |
| Name of publisher, distributor, etc | Weaver Press |
| Date of publication, distribution, etc | 2012 |
| 300 ## - PHYSICAL DESCRIPTION | |
| Extent | xiv, 232p. ; |
| Dimensions | 23cm. |
| 651 ## - SUBJECT ADDED ENTRY--GEOGRAPHIC NAME | |
| Geographic name | Zimbabwe |
| General subdivision | Economic conditions |
| 9 (RLIN) | 11115 |
| 651 ## - SUBJECT ADDED ENTRY--GEOGRAPHIC NAME | |
| Geographic name | Zimbabwe |
| General subdivision | Development |
| 9 (RLIN) | 49918 |
| 710 ## - ADDED ENTRY--CORPORATE NAME | |
| Corporate name or jurisdiction name as entry element | ANSA |
| 9 (RLIN) | 49919 |
| 710 ## - ADDED ENTRY--CORPORATE NAME | |
| Corporate name or jurisdiction name as entry element | LEDRIZ |
| 9 (RLIN) | 49920 |
| 710 ## - ADDED ENTRY--CORPORATE NAME | |
| Corporate name or jurisdiction name as entry element | ZCTU |
| 9 (RLIN) | 49921 |
| 942 ## - ADDED ENTRY ELEMENTS (KOHA) | |
| Source of classification or shelving scheme | Library of Congress Classification |
| Item type | Monograph ( Printed materials) |
| Withdrawn status | Lost status | Source of classification or shelving scheme | Damaged status | Not for loan | Collection code | Home library | Current library | Shelving location | Date acquired | Total Checkouts | Full call number | Barcode | Date last seen | Price effective from | Koha item type |
|---|---|---|---|---|---|---|---|---|---|---|---|---|---|---|---|
| Library of Congress Classification | Main Collection | ARRUPE LIBRARY | ARRUPE LIBRARY | Main Collection | 20/10/2020 | HN802.Z9 P962 | 46600008099 | 20/10/2020 | 20/10/2020 | Monograph ( Printed materials) |